| 000 | 00450cam a2200181ua 4500 | ||
|---|---|---|---|
| 020 | _c3.00 | ||
| 041 |
_ahin _h |
||
| 082 |
_a891.54 _bMAN/SA |
||
| 100 | _aManibahan, Patel . | ||
| 245 |
_aSardar vallabhayi ke naam / _cManibahan patel. _hTextual Documents |
||
| 250 |
_a1 / _b. |
||
| 260 |
_aAhmadabad : _bNavajivan publishing house , _c1952. |
||
| 300 | _a356 ; . | ||
| 365 | _a3.00 | ||
| 504 | _a | ||
| 942 | _cBK | ||
| 999 |
_c8323 _d8323 |
||